Experiencia latinoamericana en el campo del transporte urbano colectivo
Uloženo v:
| Médium: | Kniha |
|---|---|
| Jazyk: | španělština portugalština |
| Vydáno: |
Medellín
Universidad de Medellín
1980
|
| Témata: | |
| Tagy: |
Přidat tag
Žádné tagy, Buďte první, kdo vytvoří štítek k tomuto záznamu!
|
MARC
| LEADER | 00000nam a2200000 a 4500 | ||
|---|---|---|---|
| 001 | UCU6459 | ||
| 003 | CL-VaPUC | ||
| 005 | 20240821123843.0 | ||
| 008 | 960621e19800000ck 1 spa d | ||
| 041 | 0 | 7 | |a spa |2 CL-VaPUC |
| 041 | 0 | 7 | |a por |2 CL-VaPUC |
| 082 | 0 | 4 | |a 388.4 |b EXP |2 21 |
| 245 | 1 | 0 | |a Experiencia latinoamericana en el campo del transporte urbano colectivo |
| 260 | |a Medellín |b Universidad de Medellín |c 1980 | ||
| 300 | |a 348 p | ||
| 583 | |a last modification |c 19960621 00:00:00 |k Rodrigo Vera | ||
| 650 | 0 | 0 | |a Transporte urbano |9 260307 |
| 650 | 0 | 0 | |a Transporte público |9 348060 |
| 650 | 0 | 7 | |a SERVICIOS DE TRANSPORTE |2 CL-VaPUC |9 358013 |
| 650 | 0 | 0 | |a Servicios públicos |9 328528 |
| 650 | 0 | 7 | |a POLITICA DE TRANSPORTES |2 CL-VaPUC |9 358677 |
| 650 | 0 | 0 | |a Autobuses |9 359340 |
| 650 | 0 | 7 | |a FERROCARRILES SUBTERRANEOS |2 CL-VaPUC |9 353579 |
| 942 | |c BK | ||
| 945 | |a cmena |d 19960621 00:00:00 | ||
| 546 | |a En Español | ||
| 546 | |a En Portugués | ||
| 518 | |p Reunión Andina de Transporte, 3, Medellín, Marzo de 1980 | ||
| 999 | |c 382665 |d 382663 | ||
| 952 | |0 0 |1 0 |4 0 |6 388_400000000000000_EXP_1980 |7 0 |8 A |9 504479 |a BIBING |b BIBING |d 2020-01-23 |i 1688928 |o 388.4 EXP 1980 |p 1688928 |r 2025-01-20 |w 2020-01-23 |y BK |k TRA | ||
| 952 | |0 0 |1 0 |4 0 |6 388_400000000000000_EXP_1980 |7 0 |8 A |9 504480 |a BIBING |b BIBING |d 2020-01-23 |i 1688251 |o 388.4 EXP 1980 |p 1688251 |r 2025-01-20 |w 2020-01-23 |y BK |k TRA | ||